000 00218nam a2200121Ia 4500
100 _a#N/A
942 _cBK
654 _alinux 2010
245 _aLinux 2010 BIBLE
260 _b#N/A
546 _aENGLISH
999 _c32889
_d32889